00638nam a22001937a 4500003000400000005001700004008004100021020001500062040002900077050002400106100004600130245002200176260003600198300000900234650003500243942001500278952013400293999001700427OSt20250814100930.0250814b |||||||| |||| 00| 0 eng d a0440506999 cChuka University Library aBF 698.9b.K68 1992 aKroeger, Otto and Janet M. Thuesen921354 aType talk at work aNew YorkbDell Publishingc1992 a400p aInternational relations921355 2lcccBKn0 00102lcc40708LGLaCHKbCHKcGENd2025-08-14eBooks for Africal0oBF 698.9 pK68 1992r2025-08-14 10:07:53t1w2025-08-14yBK c20445d20445